|
|
|
|
| LEADER |
01004cam a2200253 7i4500 |
| 001 |
0000045794 |
| 005 |
20170222090000.0 |
| 020 |
|
|
|a 9781609600310 (pbk.)
|
| 020 |
|
|
|a 9781609600334
|
| 090 |
0 |
0 |
|a ZA4080
|b .I35 2011
|
| 100 |
1 |
|
|a Iglezakis, Ioannis
|
| 245 |
1 |
0 |
|a E-publishing and digital libraries :
|b legal and organizational issues
|c Ioannis Iglezakis, Tatiana-Eleni Synodinou, and Sarantos Kapidakis.
|
| 260 |
|
|
|a Hershey, PA:
|b Information Science Reference,
|c 2011.
|
| 300 |
|
|
|a xxiii, 528 p.:
|b ill.;
|c 29 cm.
|
| 650 |
0 |
0 |
|a Copyright --
|x Electronic information resources
|
| 650 |
0 |
0 |
|a Digital preservation
|
| 650 |
0 |
0 |
|a Libraries and electronic publishing
|
| 650 |
0 |
0 |
|a Digital libraries
|
| 700 |
1 |
|
|a Synodinou, Tatiana-Eleni
|
| 700 |
1 |
|
|a Kapidakis, Sarantos
|
| 997 |
|
|
|a Communication, Visual Art & Computing, Faculty
|b Communication, Department
|
| 998 |
|
|
|a Library Science, Diploma
|
| 998 |
|
|
|a Library Science, Degree
|
| 999 |
|
|
|a 0000055308
|b BOK
|c OPEN SHELF
|e 2nd Floor, Bestari Jaya
|